| 000 | 00372nam a22001577a 4500 | ||
|---|---|---|---|
| 005 | 20160701110752.0 | ||
| 008 | 160701b xxu||||| |||| 00| 0 eng d | ||
| 041 | _aeng | ||
| 082 | _b20270 | ||
| 100 |
_aChacharkar YP _93367 |
||
| 245 | _aA study of metalliferous mining methods | ||
| 260 | _bLovely | ||
| 300 | _a240 | ||
| 650 |
_aDiploma Engineering _9817 |
||
| 942 | _cBK | ||
| 999 |
_c5034 _d5032 |
||